|
|
|
|
| LEADER |
00785nab a2200217 i 4500 |
| 001 |
misc61415 |
| 005 |
20231012141334.0 |
| 008 |
230907s1975 hu o 0|| hun d |
| 040 |
|
|
|a SZTE Miscellanea Repozitórium
|b hun
|
| 041 |
|
|
|a hun
|
| 100 |
1 |
|
|a Vértes O. András
|
| 245 |
1 |
2 |
|a A magyar fonetika története az 1880-as évekig
|h [elektronikus dokumentum] :
|b kandidátusi értekezés tézisei /
|c Vértes O. András
|
| 260 |
|
|
|c 1975
|
| 300 |
|
|
|a 3-16
|c 21 cm
|
| 300 |
|
|
|a 16 p.
|c 21 cm
|
| 561 |
|
|
|a Németh Gyula hagyaték
|
| 591 |
|
|
|a NOV 6361
|
| 650 |
|
4 |
|a Bölcsészettudományok
|
| 650 |
|
4 |
|a Nyelvek és irodalom
|
| 695 |
|
|
|a Fonetika - magyar - nyelvtörténet, Magyar nyelv - hangtan
|
| 856 |
4 |
0 |
|u http://misc.bibl.u-szeged.hu/61415/1/6361_nov.pdf
|z Dokumentum-elérés
|